000
00320nam a22001331a 4500
999
_c
170725
_d
170725
082
_a
M1
_b
CHE/K
100
_a
Cherussery
245
_a
Krishnagatha :
_b
rukmini swayamvaram/
_c
by Cherussery.
260
_a
_b
_c
650
_a
Poetry Malayalam
650
_a
Literature Malayalam
650
_a
Literature
942
_c
BK